000 00907nam a2200289Ia 4500
001 Para_7027
003 CHAP
008 220125s1989 xx 000 0 und d
010 _a205854
040 _cCHAP
090 _aPA FOLLETO 901
100 _aBurguete Hernández, Esteban
_916186
245 _aEditor profesional /
_c por Esteban Burguete Hernández
260 _aChapingo, Méx. :
_b CP. Centro de Estadística y Cálculo
300 _a11 h.
440 _aBoletín técnico; 2
_9165510
650 _aProcesamiento automático de datos
_991738
650 _aProgramación (computadoras)
_992368
710 _aColegio de Postgraduados (Chapingo, Méx.). Centro de Estadística y Cálculo
_925078
901 _aPA FOLLETO 901
902 _aA
905 _a000000198- 0000000000 00
910 _a198-
942 _cPARA
942 _cPARA
_d1
999 _c205854
_d205854